000 00938nam a22003017a 4500
003 CHAP
005 20220329135258.0
008 971013s1951 r 10010 d
010 _a33705
011 _a34677
035 _a38793
040 _cCHAP
090 _aFolleto 2132
111 0 0 _aMeeting of the Working Party on Fertilizers (
_n1
_d: 1951
_c: Bogor, Indonesia)
_974170
245 _aReport
260 _aRome :
_bFAO,
_c1951
300 _a18 p
490 _aCuadernos de fomento agropecuario
_v; 11
590 _aBATCH-UPD
_b10
_c20130110
_lUCH01
_h0012
590 _aBATCH-UPD
_b10
_c20130110
_lUCH01
_h2204
590 _aCONVERSION
_b10
_c20130109
_lUCH01
_h1319
650 1 4 _aFertilizantes para arroz.
_940602
650 1 4 _aFertilizantes
_xEfecto en arroz.
_940479
830 0 _aCuadernos de fomento agropecuario
_v; 11
_929780
901 _aBK
942 _cFOLL
949 _aFolleto 2132
_bBC
_cFOLL
_d-88639
_eTS1
_i38793
_mD
_si
999 _c33705
_d33705